Fundamentals of optics and modern physics

Na minha lista:
Detalhes bibliográficos
Autor principal: Young, Hugh D (Author)
Formato: Livro
Idioma:inglês
Publicado em: Nueva York McGraw-Hill 1968
Colecção:McGraw-Hill series in Fundamentals of Physics
Assuntos:
Tags: Adicionar Tag
Sem tags, seja o primeiro a adicionar uma tag!

MARC

LEADER 00000nam a2200000 a 4500
001 UCT4023
003 CL-VaPUC
008 961105e19680000US |||||||||||||||||eng|d
082 0 4 |a 535  |b YOU  |2 21 
100 0 |a Young, Hugh D  |e author  |9 373115 
245 1 0 |a Fundamentals of optics and modern physics 
300 |a 510 p 
942 |c BK 
945 |d 19961105 00:00:00  |a paguirre 
260 |a Nueva York  |b McGraw-Hill  |c 1968 
650 0 |a Física   |9 227844 
650 0 |a Optica   |9 263171 
650 0 |a Propagación de ondas  |9 263256 
650 7 |a CAMPOS ELECTROMAGNETICOS  |2 CL-VaPUC  |9 264139 
650 0 |a Átomos  |9 259583 
650 0 |a Teoría cuántica  |9 266148 
650 0 |a Estructura molecular  |9 306892 
650 0 |a Estructura atómica   |9 259944 
583 |a last modification  |c 19961105 00:00:00  |k Rodrigo Vera 
490 0 |a McGraw-Hill series in Fundamentals of Physics 
999 |c 253490  |d 253488 
952 |0 0  |1 0  |4 0  |6 535_000000000000000_YOU_1968  |7 0  |8 A  |9 274367  |a BIBCUR  |b BIBCUR  |d 2019-11-19  |i 178451K  |o 535 YOU 1968  |p 178451K  |r 2025-04-22  |w 2019-11-19  |y BK  |k QUI